Southville International School and Colleges
Your cart is empty.
  • Cart
  • Lists
    Public lists Eva Luna New books Lux_list list_1
    Your lists Log in to create your own lists
  • Log in to your account
  • Your cookies
  • Search history
Southville International School and Colleges
  • Advanced search
  • Recent comments
  • Most popular
  • Libraries

Log in to your account

Log in with GOOGLE


If you do not have an external account, but do have a local account, you can still log in:

  1. Home
  2. MARC view: Little Bear's friend.
Normal view MARC view ISBD view

Little Bear's friend. (Record no. 8221)

[ view plain ]
MARC details
000 -LEADER
fixed length control field 01119cam a22003251 4500
001 - CONTROL NUMBER
control field 9362066
003 - CONTROL NUMBER IDENTIFIER
control field OSt
005 - DATE AND TIME OF LATEST TRANSACTION
control field 20140310182015.0
008 - FIXED-LENGTH DATA ELEMENTS--GENERAL INFORMATION
fixed length control field 720511s1960 nyua j 000 0 eng
010 ## - LIBRARY OF CONGRESS CONTROL NUMBER
LC control number 60006370
020 ## - INTERNATIONAL STANDARD BOOK NUMBER
International Standard Book Number 0060242558
035 ## - SYSTEM CONTROL NUMBER
System control number (OCoLC)306245
040 ## - CATALOGING SOURCE
Original cataloging agency DLC
Transcribing agency ODaWU
Modifying agency OCoLC
-- CStrNB
-- PP
-- DLC
050 00 - LIBRARY OF CONGRESS CALL NUMBER
Classification number PZ 10.3
Item number .M663 1960
082 ## - DEWEY DECIMAL CLASSIFICATION NUMBER
Classification number KF
Item number M66i 1960
100 1# - MAIN ENTRY--PERSONAL NAME
Personal name Minarik, Else Holmelund.
9 (RLIN) 6487
245 10 - TITLE STATEMENT
Title Little Bear's friend.
Statement of responsibility, etc Pictures by Maurice Sendak.
260 ## - PUBLICATION, DISTRIBUTION, ETC. (IMPRINT)
Place of publication, distribution, etc New York,
Name of publisher, distributor, etc Harper
Date of publication, distribution, etc c1960.
300 ## - PHYSICAL DESCRIPTION
Extent 57 p. :
Other physical details ill. ;
Dimensions 23 cm.
440 #3 - SERIES STATEMENT/ADDED ENTRY--TITLE
Title An I can read book
9 (RLIN) 3940
520 ## - SUMMARY, ETC.
Summary, etc One summer Little Bear makes friends with Emily and her doll Lucy.
541 ## - IMMEDIATE SOURCE OF ACQUISITION NOTE
-- 1
562 ## - COPY AND VERSION IDENTIFICATION NOTE
Number of copies 1
650 #1 - SUBJECT ADDED ENTRY--TOPICAL TERM
Topical term or geographic name as entry element Bears
General subdivision Fiction.
9 (RLIN) 6488
650 #1 - SUBJECT ADDED ENTRY--TOPICAL TERM
Topical term or geographic name as entry element Friendship
General subdivision Fiction.
9 (RLIN) 6489
856 42 - ELECTRONIC LOCATION AND ACCESS
Materials specified Publisher description
Uniform Resource Identifier <a href="http://www.loc.gov/catdir/description/hc044/60006370.html">http://www.loc.gov/catdir/description/hc044/60006370.html</a>
856 42 - ELECTRONIC LOCATION AND ACCESS
Materials specified Contributor biographical information
Uniform Resource Identifier <a href="http://www.loc.gov/catdir/enhancements/fy0910/60006370-b.html">http://www.loc.gov/catdir/enhancements/fy0910/60006370-b.html</a>
906 ## - LOCAL DATA ELEMENT F, LDF (RLIN)
a 7
b cbc
c oclcrpl
d u
e ncip
f 19
g y-gencatlg
942 ## - ADDED ENTRY ELEMENTS (KOHA)
Source of classification or shelving scheme Library of Congress Classification
Koha item type
Call number prefix
Holdings
Withdrawn status Lost status Source of classification or shelving scheme Damaged status Home library Current library Shelving location Date acquired Total Checkouts Full call number Barcode Date last seen Copy number Price effective from Koha item type
    Library of Congress Classification   Luxembourg Library Luxembourg Library Kids Fiction Section 07/30/2013   PZ 10.3 .M663 1960 9893 08/13/2013 1 07/30/2013 Books

Little Bear's friend.

APA

Minarik E. H., . (1960). Little Bear's friend. New York: Harper.

Chicago

Minarik Else Holmelund, . 1960. Little Bear's friend. New York: Harper.

Harvard

Minarik E. H., . (1960). Little Bear's friend. New York: Harper.

MLA

Minarik Else Holmelund, . Little Bear's friend. New York: Harper. 1960.

  • Place hold
  • Print
  • Cite
  • Add to your cart (remove)
  • Save record
    BIBTEX Dublin Core MARCXML MARC (non-Unicode/MARC-8) MARC (Unicode/UTF-8) MARC (Unicode/UTF-8, Standard) MODS (XML) RIS
  • More searches
    Search for this title in:
    Other Libraries (WorldCat) Other Databases (Google Scholar) Online Stores (Bookfinder.com) Open Library (openlibrary.org)

Exporting to Dublin Core...

SOUTHVILLE LIBRARY

Southville International School and Colleges Library

1281 Tropical Ave. Cor. Luxembourg St., BF Homes International, Las Pinas City

Tel. No. 8256374 / 252358 Loc. 117/146

Powered by Koha